| 000 | 00000nam##2200000za#4500 |
| 001 | 9.622974 |
| 003 | CaOODSP |
| 005 | 20241210082329 |
| 007 | ta |
| 008 | 150406|1994||||xxc||||| f|0| 0 fre|d |
| 020 | |a0-662-99492-2 |
| 022 | |a1192-5434 |
| 040 | |aCaOODSP|bfre |
| 043 | |an-cn--- |
| 086 | 1 |aFB3-2/94-9F |
| 110 | 2 |aBanque du Canada. |
| 245 | 10|aSymétrie des chocs touchant les régions canadiennes et choix d'un régime de change / |cpar Alain DeSerres et René Lalonde, Département des Relations internationales. |
| 260 | |aOttawa - Ontario : |bBanque du Canada |c1994. |
| 300 | |av, 34p. : |bgraphiques, tableaux ; |c28 cm. |
| 490 | 1 |aDocument de travail|x1192-5434|v94-9 |
| 500 | |a«Dans la présente étude, les auteurs tentent de vérifier si le principal avantage du taux de change flexible entre le Canada et les États-Unis, qui est de permettre un ajustement rapide du taux de change réel après un choc asymétrique, se manifeste autant sur le plan régional que sur le plan national.»--Résumé. |
| 504 | |aBibliographie. |
| 520 | 3 |aDans la présente étude, les auteurs tentent de vérifier si le principal avantage du taux de change flexible entre le Canada et les États-Unis, qui est de permettre un ajustement rapide du taux de change réel après un choc asymétrique, se manifeste autant sur le plan régional que sur le plan national.--Résumé |
| 546 | |aAbstracts in English |
| 563 | |aCouverture souple |
| 691 | 07|aTaux|2gcpds |
| 691 | 07|aMonnaie|2gcpds |
| 691 | 07|aFinances|2gcpds |
| 720 | 1 |aDeSerres, Alain |
| 720 | 1 |aLalonde, René |
| 776 | 0#|tSymétrie des chocs touchant les régions canadiennes et choix d'un régime de change / |w(CaOODSP)9.602122 |
| 830 | #0|aDocument de travail,|x1192-5434|v94-9|w(CaOODSP)9.513013 |